000 00928nam a2200265Ia 4500
003 OSt
005 20221005110805.0
006 a|||||r|||| 00| 0
007 ta
008 221004b |||||||| |||| 00| 0 hin d
020 _a9788126717330 (hbk)
_c175
024 _a12061
037 _bBR8175, 20/03/2014, Rajkamal Prakashan Pvt. Ltd.
_cTextual
040 _aCRL
_cCRL
_bhin
041 _2hin
_ahin
082 _aO152,3N46,PN, P9
100 _aबिष्ट, पंकज
245 0 _aपंखवाली नाव
246 _aPankhavālī nāva
260 _aनई दिल्ली
_bराजकमल प्रकाशन भारत
_c2009
300 _a127पृ0
_ccm.
650 _aहिन्दी साहित्य
942 _hO152,3N46,PN, P9
_cTEXL
_2cc
999 _c1019900
_d1019900